| 000 | 00480nam a22001817a 4500 | ||
|---|---|---|---|
| 999 |
_c153828 _d153828 |
||
| 005 | 20191022140925.0 | ||
| 010 | _aB-691397 | ||
| 020 |
_a9708571283897 _c599.00 |
||
| 035 | _aB-691397 | ||
| 037 | _bFaber and Faber | ||
| 082 | _aS | ||
| 100 | _aIshiguro, Kazuo | ||
| 245 |
_aWhen We Were Orphans _cby Kazuo Ishiguro |
||
| 260 |
_aLondon _bFaber and Faber _c2013 |
||
| 300 |
_a535p. _c19cm(Pbk) |
||
| 942 |
_2ddc _cEN _hS _mKAZ |
||